Intenzív kapcsolatépítés kezdődött. Szőcs Ferenccel, a Magyar Köztársaság bukaresti nagykövetével beszélget Ágoston Hugó

Elmentve itt :
Bibliográfiai részletek
Szerző: ÁGOSTON Hugó
Adatforrás:Meister
Forrásdokumentuma:A Hét. -
27 sz., 1997, 3 p.
Nyelv:magyar
Kulcsszavak:politikai interjú
politikai intézmények
gazdasági intézmények
magyar-román kapcsolatok
magyarok (romániai)
alapszerződés (magyar-román)
magyar-román alapszerződés
RMDSZ-kormányzati szerepvállalás
alapszerződések
Románia
SZŐCS Ferenc
GÖNCZ Árpád
CEFTA
NATO Észak-Atlanti Védelmi Szövetség
LEADER 00931nab a2200277 i 4500
001 bibPRO00007115
008 060524s1997 xx hun
040 |a Sz1 
041 |a hun 
100 1 |a ÁGOSTON Hugó 
245 1 0 |a Intenzív kapcsolatépítés kezdődött. Szőcs Ferenccel, a Magyar Köztársaság bukaresti nagykövetével beszélget Ágoston Hugó  |c ÁGOSTON Hugó 
695 |a politikai interjú 
695 |a politikai intézmények 
695 |a gazdasági intézmények 
695 |a magyar-román kapcsolatok 
695 |a magyarok (romániai) 
695 |a alapszerződés (magyar-román) 
695 |a magyar-román alapszerződés 
695 |a RMDSZ-kormányzati szerepvállalás 
695 |a alapszerződések 
695 |a Románia 
695 |a SZŐCS Ferenc 
695 |a GÖNCZ Árpád 
695 |a CEFTA 
695 |a NATO Észak-Atlanti Védelmi Szövetség 
773 0 |t A Hét. -  |g 27 sz., 1997, 3 p.